000 00741nam a2200265Ia 4500
003 OSt
005 20221006143926.0
006 a|||||r|||| 00| 0
007 ta
008 221006b |||||||| |||| 00| 0 eng d
020 _a1 85224 056 3
_c£7.95
024 _a10,420
037 _cTextual
040 _aEASL
_cEASL
_beng
041 _2eng
_aeng
082 _aW.41.N89, M9
100 _aBARME Geremie Ed.
_9650637
245 0 _aSeeds of fire
_b Chinese voices of conscience
260 _aNew York
_bBloodaxe Books
_c1989
300 _a491p.
_ccm.
490 _v CEL
700 _a MINFORD John Ed.
_9650638
942 _hW.41.N89, M9
_cTEXL
_2CC
999 _c1078506
_d1078506